[Event "Ceske Budejovice Open-A 2019"]
[Site "Ceske Budejovice"]
[Date "2019.07.04"]
[Round "6.10"]
[White "Steiner, Bruno"]
[Black "Mulenko, Alexander"]
[Result "1/2-1/2"]
[WhiteElo "2179"]
[BlackElo "2055"]
[Annotator "NA"]
[PlyCount "83"]
[EventDate "2019.07.02"]
[EventCountry "CZE"]
[SourceTitle "playchess.com"]
[Source "ChessBase"]
[SourceQuality "1"]
[TimeControl "5400+30"]

1. d4 {[%emt 0:00:15]} g6 {[%emt 0:00:02]} 2. e4 {[%emt 0:00:10]} Bg7 {[%emt 0:00:05]} 3. Nf3 {[%emt 0:02:05]} c5 {[%emt 0:00:33]} 4. dxc5 {[%emt 0:00:11]} Nf6 {[%emt 0:01:16]} 5. Bd3 {[%emt 0:03:57]} Qa5+ {[%emt 0:00:48]} 6. c3 {[%emt 0:00:34]} Qxc5 {[%emt 0:00:31]} 7. Na3 {[%emt 0:00:12]} O-O {[%emt 0:10:52]} 8. Nb5 {[%emt 0:07:30]} Ng4 {[%emt 0:04:43]} 9. Qe2 {[%emt 0:02:46]} a6 {[%emt 0:02:19]} 10. Nbd4 {[%emt 0:02:35]} Nc6 {[%emt 0:02:37]} 11. h3 {[%emt 0:01:32]} Nge5 {[%emt 0:03:21]} 12. Nxe5 {[%emt 0:12:16]} Nxe5 {[%emt 0:00:18]} 13. Be3 {[%emt 0:08:49]} Nxd3+ {[%emt 0:00:31]} 14. Qxd3 {[%emt 0:00:09]} Qc7 {[%emt 0:01:02]} 15. Ne2 {[%emt 0:03:50]} b5 {[%emt 0:06:39]} 16. O-O {[%emt 0:03:57]} Bb7 {[%emt 0:01:52]} 17. Bd4 {[%emt 0:06:42]} e5 {[%emt 0:01:27]} 18. Be3 {[%emt 0:00:51]} d5 {[%emt 0:01:20]} 19. exd5 {[%emt 0:03:06]} Rad8 {[%emt 0:00:12]} 20. Qe4 {[%emt 0:01:18]} Rxd5 {[%emt 0:01:56]} 21. Qh4 {[%emt 0:00:45]} Qc6 {[%emt 0:02:14]} 22. f3 {[%emt 0:00:56]} Rfd8 {[%emt 0:01:27]} 23. a4 {[%emt 0:00:44]} Qc4 {[%emt 0:04:19]} 24. Qxc4 {[%emt 0:05:02]} bxc4 {[%emt 0:03:14]} 25. Kf2 {[%emt 0:02:40]} Bc6 {[%emt 0:01:54]} 26. Rfb1 {[%emt 0:05:30]} Rb8 {[%emt 0:06:41]} 27. a5 {[%emt 0:08:42]} Bf8 {[%emt 0:01:19]} 28. Ra2 {[%emt 0:05:15]} f6 {[%emt 0:01:04]} 29. Nc1 {[%emt 0:00:50]} Be7 {[%emt 0:05:18]} 30. b4 {[%emt 0:04:14]} cxb3 {[%emt 0:00:24]} 31. Rxb3 {[%emt 0:00:10]} Rxb3 {[%emt 0:02:01]} 32. Nxb3 {[%emt 0:00:02]} Rb5 {[%emt 0:00:33]} 33. Nd2 {[%emt 0:02:37]} Bd8 {[%emt 0:00:39]} 34. c4 {[%emt 0:00:09]} Rxa5 {[%emt 0:02:18]} 35. Rb2 {[%emt 0:00:07]} Kf7 {[%emt 0:04:35]} 36. Rb8 {[%emt 0:00:27]} Be7 {[%emt 0:00:37]} 37. Rb6 {[%emt 0:00:28]} Be8 {[%emt 0:03:25]} 38. Rb7 {[%emt 0:02:23]} Ke6 {[%emt 0:02:22]} 39. Rb6+ {[%emt 0:00:34]} Kf7 {[%emt 0:00:32]} 40. Rb7 {[%emt 0:02:10]} Ke6 {[%emt 0:00:12]} 41. Rb6+ {[%emt 0:01:29]} Kf7 {[%emt 0:00:15]} 42. Rb7 1/2-1/2

[Event "Ceske Budejovice Open-A 2019"]
[Site "Ceske Budejovice"]
[Date "2019.07.04"]
[Round "6.11"]
[White "Schmid, Thomas"]
[Black "Barak, David"]
[Result "1-0"]
[WhiteElo "2201"]
[BlackElo "2015"]
[Annotator "ChessBase"]
[PlyCount "143"]
[EventDate "2019.07.02"]
[EventCountry "CZE"]
[SourceTitle "playchess.com"]
[Source "ChessBase"]
[SourceQuality "1"]
[TimeControl "5400+30"]

1. e4 {[%emt 0:00:00]} c6 {[%emt 0:00:00]} 2. Nc3 {[%emt 0:00:00]} d5 {[%emt 0:00:00]} 3. Nf3 {[%emt 0:00:00]} Bg4 {[%emt 0:00:00]} 4. h3 {[%emt 0:00:00]} Bxf3 {[%emt 0:00:00]} 5. Qxf3 {[%emt 0:00:00]} e6 {[%emt 0:00:00]} 6. d4 {[%emt 0:00:08]} dxe4 {[%emt 0:00:05]} 7. Qxe4 {[%emt 0:00:05]} Nf6 {[%emt 0:00:50]} 8. Qd3 {[%emt 0:00:05]} Na6 {[%emt 0:00:58]} 9. a3 {[%emt 0:00:17]} Qa5 {[%emt 0:01:49]} 10. Rb1 {[%emt 0:00:49]} Nc7 {[%emt 0:01:57]} 11. g3 {[%emt 0:14:50]} Bd6 {[%emt 0:20:33]} 12. Bd2 {[%emt 0:10:00]} Qf5 {[%emt 0:05:14]} 13. Qxf5 {[%emt 0:03:25]} exf5 {[%emt 0:00:06]} 14. Bd3 {[%emt 0:01:48]} g6 {[%emt 0:17:40]} 15. Bh6 {[%emt 0:10:03]} O-O-O {[%emt 0:08:27]} 16. O-O {[%emt 0:02:40]} Bf8 {[%emt 0:07:30]} 17. Bxf8 {[%emt 0:10:32]} Rhxf8 {[%emt 0:00:18]} 18. Ne2 {[%emt 0:00:23]} Ne6 {[%emt 0:04:48]} 19. Rbd1 {[%emt 0:02:41]} Kc7 {[%emt 0:03:36]} 20. Bc4 {[%emt 0:01:45]} Rfe8 {[%emt 0:06:17]} 21. c3 {[%emt 0:03:42]} Ne4 {[%emt 0:08:47]} 22. Kg2 {[%emt 0:03:25]} Nd6 {[%emt 0:01:11]} 23. Ba2 {[%emt 0:02:46]} Ng5 {[%emt 0:01:52]} 24. Nf4 {[%emt 0:01:07]} Nge4 {[%emt 0:02:30]} 25. Rfe1 {[%emt 0:08:57]} Nf6 {[%emt 0:01:23]} 26. Re5 {[%emt 0:02:46]} Nd7 {[%emt 0:03:33]} 27. Ree1 {[%emt 0:02:34]} Nf6 {[%emt 0:00:47]} 28. Nd3 {[%emt 0:00:32]} Rxe1 {[%emt 0:01:02]} 29. Rxe1 {[%emt 0:00:16]} Re8 {[%emt 0:00:20]} 30. Re5 {[%emt 0:02:22]} Kd8 {[%emt 0:01:11]} 31. Kf3 {[%emt 0:06:49]} Nd7 {[%emt 0:00:40]} 32. Rxe8+ {[%emt 0:00:41]} Kxe8 {[%emt 0:00:06]} 33. Ke3 {[%emt 0:00:56]} Ke7 {[%emt 0:00:38]} 34. c4 {[%emt 0:02:28]} h6 {[%emt 0:01:02]} 35. c5 {[%emt 0:03:07]} Ne4 {[%emt 0:01:15]} 36. b4 {[%emt 0:02:43]} Nef6 {[%emt 0:00:37]} 37. a4 {[%emt 0:00:30]} a6 {[%emt 0:00:21]} 38. Nb2 {[%emt 0:01:28]} Nf8 {[%emt 0:00:51]} 39. Bc4 {[%emt 0:01:17]} Ne6 {[%emt 0:00:29]} 40. Nd3 {[%emt 0:00:54]} Nc7 {[%emt 0:00:34]} 41. Kd2 {[%emt 0:00:00]} g5 {[%emt 0:00:00]} 42. Kc3 {[%emt 0:00:00]} h5 {[%emt 0:00:00]} 43. Kd2 {[%emt 0:00:00]} Nfd5 {[%emt 0:00:00]} 44. Bb3 {[%emt 0:00:00]} Nf6 {[%emt 0:00:00]} 45. Ke2 {[%emt 0:00:00]} Ncd5 {[%emt 0:00:00]} 46. h4 {[%emt 0:00:00]} Nc3+ {[%emt 0:00:15]} 47. Kf3 {[%emt 0:00:00]} Nfe4 {[%emt 0:00:58]} 48. Ke3 {[%emt 0:00:00]} f6 {[%emt 0:01:11]} 49. Nb2 {[%emt 0:00:00]} Nd5+ {[%emt 0:02:12]} 50. Bxd5 {[%emt 0:00:00]} cxd5 {[%emt 0:00:02]} 51. b5 {[%emt 0:00:00]} axb5 {[%emt 0:00:23]} 52. axb5 {[%emt 0:00:00]} f4+ {[%emt 0:00:38]} 53. Kf3 {[%emt 0:00:00]} f5 {[%emt 0:01:01]} 54. hxg5 {[%emt 0:00:00]} fxg3 {[%emt 0:00:18]} 55. fxg3 {[%emt 0:00:00]} Nxg5+ {[%emt 0:00:17]} 56. Ke3 {[%emt 0:01:19]} Ne6 {[%emt 0:00:31]} 57. Nd3 {[%emt 0:00:20]} Nc7 {[%emt 0:00:48]} 58. b6 {[%emt 0:00:25]} Ne8 {[%emt 0:00:32]} 59. Ne5 {[%emt 0:03:51]} Kd8 {[%emt 0:00:31]} 60. Kf4 {[%emt 0:00:36]} Nf6 {[%emt 0:00:29]} 61. Kxf5 {[%emt 0:00:39]} Ne4 {[%emt 0:00:23]} 62. Kf4 {[%emt 0:00:30]} Ke7 {[%emt 0:00:25]} 63. Ng6+ {[%emt 0:00:43]} Kf6 {[%emt 0:00:23]} 64. Nh4 {[%emt 0:00:11]} Ke6 {[%emt 0:00:38]} 65. Nf5 {[%emt 0:00:27]} Kd7 {[%emt 0:00:44]} 66. Ke5 {[%emt 0:00:51]} Nc3 {[%emt 0:00:20]} 67. Ng7 {[%emt 0:00:19]} Ke7 {[%emt 0:00:42]} 68. Nxh5 {[%emt 0:00:12]} Kf7 {[%emt 0:00:28]} 69. Nf4 {[%emt 0:00:32]} Ne4 {[%emt 0:00:16]} 70. Nxd5 {[%emt 0:02:17]} Nxg3 {[%emt 0:00:15]} 71. c6 {[%emt 0:00:25]} bxc6 {[%emt 0:00:59]} 72. b7 {[%emt 0:00:13]} 1-0

[Event "Ceske Budejovice Open-A 2019"]
[Site "Ceske Budejovice"]
[Date "2019.07.04"]
[Round "6.12"]
[White "Malinovsky, Petr"]
[Black "Vahala, Tomas"]
[Result "1/2-1/2"]
[WhiteElo "2058"]
[BlackElo "1774"]
[Annotator "NA"]
[PlyCount "57"]
[EventDate "2019.07.02"]
[EventCountry "CZE"]
[SourceTitle "playchess.com"]
[Source "ChessBase"]
[SourceQuality "1"]
[TimeControl "5400+30"]

1. d4 {[%emt 0:00:00]} d5 {[%emt 0:00:00]} 2. c4 {[%emt 0:00:00]} e6 {[%emt 0:00:00]} 3. Nc3 {[%emt 0:00:00]} c6 {[%emt 0:00:27]} 4. e4 {[%emt 0:00:37]} dxe4 {[%emt 0:04:17]} 5. Nxe4 {[%emt 0:00:30]} Nf6 {[%emt 0:00:33]} 6. Nxf6+ {[%emt 0:03:30]} Qxf6 {[%emt 0:00:15]} 7. a3 {[%emt 0:00:41]} Qd8 {[%emt 0:05:24]} 8. Nf3 {[%emt 0:00:44]} Be7 {[%emt 0:00:31]} 9. Bd3 {[%emt 0:00:49]} Nd7 {[%emt 0:00:57]} 10. O-O {[%emt 0:03:56]} Nf6 {[%emt 0:00:46]} 11. Qe2 {[%emt 0:03:54]} h6 {[%emt 0:02:12]} 12. b3 {[%emt 0:03:02]} b6 {[%emt 0:03:40]} 13. Bb2 {[%emt 0:00:43]} O-O {[%emt 0:00:25]} 14. Rad1 {[%emt 0:08:52]} Qc7 {[%emt 0:02:04]} 15. Rfe1 {[%emt 0:00:48]} Bb7 {[%emt 0:03:43]} 16. Bb1 {[%emt 0:01:34]} Rad8 {[%emt 0:04:18]} 17. Qc2 {[%emt 0:01:05]} Rfe8 {[%emt 0:11:54]} 18. Re3 {[%emt 0:20:39]} Bc8 {[%emt 0:08:29]} 19. Ne5 {[%emt 0:07:55]} Bd6 {[%emt 0:13:20]} 20. Rde1 {[%emt 0:03:58]} g6 {[%emt 0:07:58]} 21. d5 {[%emt 0:09:21]} cxd5 {[%emt 0:04:56]} 22. Nxg6 {[%emt 0:01:06]} Ng4 {[%emt 0:03:43]} 23. Ne5 {[%emt 0:07:38]} Bxe5 {[%emt 0:06:07]} 24. Rxe5 {[%emt 0:01:26]} f6 {[%emt 0:01:18]} 25. Rh5 {[%emt 0:02:36]} d4 {[%emt 0:05:09]} 26. h3 {[%emt 0:01:46]} d3 {[%emt 0:01:17]} 27. Qxd3 {[%emt 0:03:09]} Rxd3 {[%emt 0:00:28]} 28. Bxd3 {[%emt 0:00:01]} Ne5 {[%emt 0:01:51]} 29. Bc2 1/2-1/2

[Event "Ceske Budejovice Open-A 2019"]
[Site "Ceske Budejovice"]
[Date "2019.07.04"]
[Round "6.13"]
[White "Tajovsky, Matej"]
[Black "Placer, Sebastian"]
[Result "1/2-1/2"]
[WhiteElo "1779"]
[BlackElo "2040"]
[Annotator "NA"]
[PlyCount "101"]
[EventDate "2019.07.02"]
[EventCountry "CZE"]
[SourceTitle "playchess.com"]
[Source "ChessBase"]
[SourceQuality "1"]
[TimeControl "5400+30"]

1. e4 {[%emt 0:00:00]} c5 {[%emt 0:00:00]} 2. Nf3 {[%emt 0:00:00]} Nc6 {[%emt 0:00:00]} 3. d4 {[%emt 0:00:05]} cxd4 {[%emt 0:00:01]} 4. Nxd4 {[%emt 0:00:04]} g6 {[%emt 0:00:08]} 5. Be3 {[%emt 0:00:23]} Nf6 {[%emt 0:00:13]} 6. Nc3 {[%emt 0:00:05]} Bg7 {[%emt 0:00:07]} 7. Bc4 {[%emt 0:00:08]} Qa5 {[%emt 0:00:06]} 8. O-O {[%emt 0:11:05]} O-O {[%emt 0:00:02]} 9. Bb3 {[%emt 0:00:34]} d6 {[%emt 0:00:09]} 10. f3 {[%emt 0:02:08]} Bd7 {[%emt 0:00:38]} 11. Qd2 {[%emt 0:00:11]} Nxd4 {[%emt 0:02:57]} 12. Bxd4 {[%emt 0:01:36]} Bc6 {[%emt 0:00:53]} 13. Rad1 {[%emt 0:00:38]} Qc7 {[%emt 0:00:15]} 14. Rfe1 {[%emt 0:01:07]} Nd7 {[%emt 0:00:44]} 15. f4 {[%emt 0:04:54]} Nc5 {[%emt 0:03:14]} 16. Bd5 {[%emt 0:01:46]} Bxd4+ {[%emt 0:08:23]} 17. Qxd4 {[%emt 0:00:12]} Qb6 {[%emt 0:01:35]} 18. b4 {[%emt 0:01:24]} Na4 {[%emt 0:14:05]} 19. Nxa4 {[%emt 0:02:56]} Bxa4 {[%emt 0:00:32]} 20. Qxb6 {[%emt 0:02:15]} axb6 {[%emt 0:00:04]} 21. Bxb7 {[%emt 0:00:49]} Ra7 {[%emt 0:00:06]} 22. Bd5 {[%emt 0:01:03]} Bxc2 {[%emt 0:00:06]} 23. Rc1 {[%emt 0:00:37]} Ba4 {[%emt 0:05:18]} 24. f5 {[%emt 0:02:21]} Kg7 {[%emt 0:04:31]} 25. Re3 {[%emt 0:02:58]} Rd8 {[%emt 0:09:53]} 26. Rf3 {[%emt 0:04:19]} Bb5 {[%emt 0:10:24]} 27. Rc2 {[%emt 0:06:58]} gxf5 {[%emt 0:09:42]} 28. exf5 {[%emt 0:00:52]} Kf6 {[%emt 0:03:24]} 29. Rh3 {[%emt 0:02:39]} Rh8 {[%emt 0:02:10]} 30. Rcc3 {[%emt 0:02:19]} Bd7 {[%emt 0:02:00]} 31. Rh6+ {[%emt 0:02:36]} Kg7 {[%emt 0:14:13]} 32. Rh5 {[%emt 0:01:16]} h6 {[%emt 0:02:29]} 33. Bb3 {[%emt 0:04:02]} Kf6 {[%emt 0:03:03]} 34. g4 {[%emt 0:01:26]} Kg7 {[%emt 0:02:20]} 35. f6+ {[%emt 0:13:07]} exf6 {[%emt 0:01:21]} 36. Rd5 {[%emt 0:00:15]} Rc8 {[%emt 0:01:37]} 37. Rxc8 {[%emt 0:01:14]} Bxc8 {[%emt 0:00:00]} 38. Rxd6 {[%emt 0:00:09]} Bxg4 {[%emt 0:00:58]} 39. Rxb6 {[%emt 0:00:24]} Be6 {[%emt 0:00:52]} 40. Rc6 {[%emt 0:11:20]} Bxb3 {[%emt 0:00:44]} 41. axb3 {[%emt 0:00:01]} Rb7 {[%emt 0:00:00]} 42. Rc4 {[%emt 0:00:00]} Kf8 {[%emt 0:00:00]} 43. Kf2 {[%emt 0:00:00]} Ke7 {[%emt 0:00:00]} 44. Ke3 {[%emt 0:00:00]} Kd6 {[%emt 0:00:00]} 45. Kd4 {[%emt 0:00:00]} Rb5 {[%emt 0:00:00]} 46. Kc3 {[%emt 0:00:00]} Rg5 {[%emt 0:00:00]} 47. Rd4+ {[%emt 0:00:00]} Kc6 {[%emt 0:00:00]} 48. Kc4 {[%emt 0:00:00]} h5 {[%emt 0:00:00]} 49. h3 {[%emt 0:00:00]} Re5 {[%emt 0:00:00]} 50. Rf4 {[%emt 0:00:00]} f5 {[%emt 0:00:00]} 51. Kd4 {[%emt 0:00:00]} 1/2-1/2

[Event "Ceske Budejovice Open-A 2019"]
[Site "Ceske Budejovice"]
[Date "2019.07.04"]
[Round "6.14"]
[White "Pavlicek, Petr"]
[Black "Nagy, Ladislav"]
[Result "0-1"]
[WhiteElo "1828"]
[BlackElo "2061"]
[Annotator "NA"]
[PlyCount "98"]
[EventDate "2019.07.02"]
[EventCountry "CZE"]
[SourceTitle "playchess.com"]
[Source "ChessBase"]
[SourceQuality "1"]
[TimeControl "5400+30"]

1. d4 Nf6 2. c4 e6 3. Nf3 d5 4. g3 dxc4 5. Bg2 Nc6 6. Nc3 Bb4 7. O-O O-O 8. Qa4 Nd5 9. Nxd5 exd5 10. Ne5 Nxe5 11. Qxb4 Ng6 12. Bd2 c6 13. Bc3 Qe7 14. Rfe1 Re8 15. Qa4 Qc7 16. Rac1 Be6 17. Qc2 Rad8 18. Qd2 f6 19. a4 Ne7 20. f3 f5 21. Bb4 Nc8 22. Rc3 a5 23. Ba3 b5 24. Bc5 b4 25. Re3 Nb6 26. Bxb6 Qxb6 27. Re5 Bd7 28. f4 Rxe5 29. fxe5 Rf8 30. Qe3 Be6 31. Rc1 Rc8 32. Qd2 c5 33. e3 cxd4 34. exd4 Qc6 35. Qd1 Qd7 36. Bf3 Qf7 37. Qd2 Qd7 38. Bd1 Rf8 39. Qf4 Qe8 40. Qf3 f4 41. g4 Qg6 42. Be2 h5 43. h3 hxg4 44. hxg4 Qe8 45. Ra1 Qc6 46. Kf2 Qb6 47. Rd1 Rf7 48. Kg2 Kf8 49. Qf2 f3+ 0-1

[Event "Ceske Budejovice Open-A 2019"]
[Site "Ceske Budejovice"]
[Date "2019.07.04"]
[Round "6.15"]
[White "Rolinkova, Lucie"]
[Black "Brom, Jiri"]
[Result "1/2-1/2"]
[WhiteElo "1703"]
[BlackElo "2018"]
[Annotator "NA"]
[PlyCount "45"]
[EventDate "2019.07.02"]
[EventCountry "CZE"]
[SourceTitle "playchess.com"]
[Source "ChessBase"]
[SourceQuality "1"]
[TimeControl "5400+30"]

1. d4 {[%emt 0:00:00]} Nf6 {[%emt 0:00:00]} 2. Bf4 {[%emt 0:00:00]} g6 {[%emt 0:00:31]} 3. e3 {[%emt 0:00:23]} Bg7 {[%emt 0:00:14]} 4. c3 {[%emt 0:01:36]} d6 {[%emt 0:00:44]} 5. Nd2 {[%emt 0:02:18]} Nbd7 {[%emt 0:00:51]} 6. Ngf3 {[%emt 0:01:02]} O-O {[%emt 0:01:35]} 7. e4 {[%emt 0:03:03]} Re8 {[%emt 0:04:56]} 8. Bg3 {[%emt 0:05:57]} e5 {[%emt 0:06:48]} 9. d5 {[%emt 0:16:17]} c6 {[%emt 0:15:05]} 10. c4 {[%emt 0:19:44]} cxd5 {[%emt 0:12:46]} 11. cxd5 {[%emt 0:00:36]} Nc5 {[%emt 0:00:23]} 12. Qc2 {[%emt 0:01:47]} Qa5 {[%emt 0:07:29]} 13. a3 {[%emt 0:10:46]} Ncxe4 {[%emt 0:01:21]} 14. b4 {[%emt 0:00:50]} Qxd5 {[%emt 0:00:12]} 15. Bc4 {[%emt 0:00:27]} Qc6 {[%emt 0:01:27]} 16. b5 {[%emt 0:00:34]} Qb6 {[%emt 0:06:25]} 17. Nxe4 {[%emt 0:01:10]} Nxe4 {[%emt 0:01:12]} 18. Qxe4 {[%emt 0:00:21]} Bf5 {[%emt 0:00:50]} 19. Qd5 {[%emt 0:01:32]} Be6 {[%emt 0:00:46]} 20. Qe4 {[%emt 0:04:53]} Bxc4 {[%emt 0:04:13]} 21. Qxc4 {[%emt 0:00:27]} Rac8 {[%emt 0:04:33]} 22. Qb3 {[%emt 0:03:46]} e4 23. Ng1 1/2-1/2

[Event "Ceske Budejovice Open-A 2019"]
[Site "Ceske Budejovice"]
[Date "2019.07.04"]
[Round "6.16"]
[White "Baloun, Tomas"]
[Black "Rolinek, Dominik"]
[Result "0-1"]
[WhiteElo "1887"]
[BlackElo "2004"]
[Annotator "NA"]
[PlyCount "72"]
[EventDate "2019.07.02"]
[EventCountry "CZE"]
[SourceTitle "playchess.com"]
[Source "ChessBase"]
[SourceQuality "1"]
[TimeControl "5400+30"]

1. e4 {[%emt 0:01:05]} d6 {[%emt 0:00:00]} 2. d4 {[%emt 0:00:26]} Nf6 {[%emt 0:00:00]} 3. f3 {[%emt 0:02:26]} e5 {[%emt 0:00:00]} 4. d5 {[%emt 0:04:22]} c6 {[%emt 0:00:56]} 5. c4 {[%emt 0:01:11]} Be7 {[%emt 0:00:36]} 6. Nc3 {[%emt 0:01:17]} O-O {[%emt 0:00:23]} 7. Be3 {[%emt 0:02:19]} Ne8 {[%emt 0:04:01]} 8. Bd3 {[%emt 0:03:48]} c5 {[%emt 0:01:00]} 9. Qc2 {[%emt 0:05:28]} Na6 {[%emt 0:00:39]} 10. a3 {[%emt 0:01:27]} g6 {[%emt 0:00:38]} 11. O-O-O {[%emt 0:10:52]} Bd7 {[%emt 0:03:01]} 12. g4 {[%emt 0:07:31]} Nac7 {[%emt 0:01:18]} 13. h4 {[%emt 0:07:35]} a6 {[%emt 0:00:07]} 14. a4 {[%emt 0:07:23]} Rb8 {[%emt 0:08:25]} 15. Nh3 {[%emt 0:11:53]} b5 {[%emt 0:00:51]} 16. axb5 {[%emt 0:02:52]} axb5 {[%emt 0:00:09]} 17. cxb5 {[%emt 0:03:58]} Nxb5 {[%emt 0:01:51]} 18. Nxb5 {[%emt 0:01:49]} Bxb5 {[%emt 0:00:54]} 19. f4 {[%emt 0:02:47]} exf4 {[%emt 0:00:51]} 20. Nxf4 {[%emt 0:01:26]} Bf6 {[%emt 0:00:17]} 21. Kd2 {[%emt 0:08:58]} Qa5+ {[%emt 0:00:51]} 22. Ke2 {[%emt 0:00:20]} Nc7 {[%emt 0:07:16]} 23. g5 {[%emt 0:01:13]} Bxb2 {[%emt 0:00:23]} 24. h5 {[%emt 0:01:28]} Ba4 {[%emt 0:01:18]} 25. Qd2 {[%emt 0:03:09]} Bc3 {[%emt 0:00:09]} 26. Qc1 {[%emt 0:01:04]} Bxd1+ {[%emt 0:00:23]} 27. Qxd1 {[%emt 0:00:38]} Qa2+ {[%emt 0:02:22]} 28. Kf3 {[%emt 0:00:23]} Nb5 {[%emt 0:00:59]} 29. Kg3 {[%emt 0:02:03]} Be5 {[%emt 0:01:17]} 30. Rh2 {[%emt 0:00:58]} Nc3 {[%emt 0:01:04]} 31. Qg4 {[%emt 0:01:07]} Qa1 {[%emt 0:01:59]} 32. hxg6 {[%emt 0:01:16]} Qe1+ {[%emt 0:04:08]} 33. Bf2 {[%emt 0:00:50]} Nxe4+ {[%emt 0:00:18]} 34. Bxe4 {[%emt 0:00:42]} Qxe4 {[%emt 0:00:43]} 35. gxh7+ {[%emt 0:00:45]} Kh8 {[%emt 0:00:13]} 36. Rh6 {[%emt 0:00:37]} Rb3+ {[%emt 0:00:10]} 0-1

[Event "Ceske Budejovice Open-A 2019"]
[Site "Ceske Budejovice"]
[Date "2019.07.04"]
[Round "6.17"]
[White "Nezval, Filip"]
[Black "Stehlik, Jiri"]
[Result "1-0"]
[WhiteElo "1860"]
[BlackElo "1930"]
[Annotator "NA"]
[PlyCount "93"]
[EventDate "2019.07.02"]
[EventCountry "CZE"]
[SourceTitle "playchess.com"]
[Source "ChessBase"]
[SourceQuality "1"]
[TimeControl "5400+30"]

1. c4 {[%emt 0:00:00]} c5 {[%emt 0:22:17]} 2. Nf3 {[%emt 0:00:00]} Nf6 {[%emt 0:00:11]} 3. g3 {[%emt 0:00:00]} g6 {[%emt 0:00:22]} 4. Bg2 {[%emt 0:00:14]} Bg7 {[%emt 0:00:10]} 5. O-O {[%emt 0:00:33]} O-O {[%emt 0:00:04]} 6. Nc3 {[%emt 0:00:28]} Nc6 {[%emt 0:00:20]} 7. d4 {[%emt 0:05:38]} cxd4 {[%emt 0:00:45]} 8. Nxd4 {[%emt 0:00:13]} Nxd4 {[%emt 0:00:07]} 9. Qxd4 {[%emt 0:00:10]} d6 {[%emt 0:00:05]} 10. Qh4 {[%emt 0:08:23]} Rb8 {[%emt 0:04:21]} 11. Bh6 {[%emt 0:08:21]} Be6 {[%emt 0:01:39]} 12. Bxg7 {[%emt 0:01:34]} Kxg7 {[%emt 0:00:04]} 13. Qd4 {[%emt 0:00:22]} Kg8 {[%emt 0:01:10]} 14. b3 {[%emt 0:08:26]} Qa5 {[%emt 0:02:29]} 15. Rfd1 {[%emt 0:14:23]} Rfc8 {[%emt 0:02:32]} 16. Nb5 {[%emt 0:17:17]} a6 {[%emt 0:04:50]} 17. Nxd6 {[%emt 0:05:56]} Rd8 {[%emt 0:08:43]} 18. Nxb7 {[%emt 0:00:29]} Rxd4 {[%emt 0:01:02]} 19. Nxa5 {[%emt 0:00:10]} Rbd8 {[%emt 0:00:53]} 20. Rxd4 {[%emt 0:00:58]} Rxd4 {[%emt 0:00:02]} 21. Nc6 {[%emt 0:01:26]} Rd7 {[%emt 0:01:03]} 22. e4 {[%emt 0:03:47]} Ne8 {[%emt 0:00:34]} 23. Nb4 {[%emt 0:02:58]} Nc7 {[%emt 0:00:28]} 24. Nd5 {[%emt 0:00:11]} a5 {[%emt 0:03:40]} 25. Nxc7 {[%emt 0:00:48]} Rxc7 {[%emt 0:00:03]} 26. Rd1 {[%emt 0:00:07]} a4 {[%emt 0:00:38]} 27. e5 {[%emt 0:01:54]} Bf5 {[%emt 0:02:19]} 28. Rd2 {[%emt 0:01:58]} Kg7 {[%emt 0:01:01]} 29. f4 {[%emt 0:00:50]} h6 {[%emt 0:02:45]} 30. Kf2 {[%emt 0:00:50]} g5 {[%emt 0:01:42]} 31. Ke3 {[%emt 0:00:45]} f6 {[%emt 0:01:17]} 32. Be4 {[%emt 0:01:27]} Bc8 {[%emt 0:03:57]} 33. Rc2 {[%emt 0:01:35]} axb3 {[%emt 0:04:16]} 34. axb3 {[%emt 0:00:04]} Ra7 {[%emt 0:02:33]} 35. c5 {[%emt 0:00:51]} fxe5 {[%emt 0:01:44]} 36. fxe5 {[%emt 0:00:36]} Be6 {[%emt 0:01:27]} 37. Rc3 {[%emt 0:01:26]} Ra1 {[%emt 0:00:21]} 38. c6 {[%emt 0:06:23]} Ra2 {[%emt 0:00:57]} 39. c7 {[%emt 0:01:38]} Bc8 {[%emt 0:00:26]} 40. Rc2 {[%emt 0:00:45]} Ra3 {[%emt 0:01:13]} 41. Rc3 {[%emt 0:01:04]} Kf7 {[%emt 0:01:21]} 42. Kd4 {[%emt 0:01:48]} e6 {[%emt 0:02:51]} 43. b4 {[%emt 0:02:04]} Ra2 {[%emt 0:00:26]} 44. Rc2 {[%emt 0:00:00]} Ra4 {[%emt 0:00:00]} 45. Kc5 {[%emt 0:00:00]} Ke7 {[%emt 0:00:00]} 46. Bc6 {[%emt 0:00:00]} Ra7 {[%emt 0:00:00]} 47. b5 {[%emt 0:00:00]} 1-0

[Event "Ceske Budejovice Open-A 2019"]
[Site "Ceske Budejovice"]
[Date "2019.07.04"]
[Round "6.18"]
[White "Steiner, Juraj"]
[Black "Zacek, Petr"]
[Result "1/2-1/2"]
[WhiteElo "1896"]
[BlackElo "1883"]
[Annotator "NA"]
[PlyCount "43"]
[EventDate "2019.07.02"]
[EventCountry "CZE"]
[SourceTitle "playchess.com"]
[Source "ChessBase"]
[SourceQuality "1"]
[TimeControl "5400+30"]

1. d4 {[%emt 0:00:00]} d5 {[%emt 0:00:00]} 2. c4 {[%emt 0:01:23]} e6 {[%emt 0:00:00]} 3. Nc3 {[%emt 0:00:50]} Nf6 {[%emt 0:00:00]} 4. cxd5 {[%emt 0:00:40]} exd5 {[%emt 0:00:11]} 5. Bg5 {[%emt 0:00:22]} Be7 {[%emt 0:00:11]} 6. e3 {[%emt 0:00:44]} c6 {[%emt 0:00:08]} 7. Qc2 {[%emt 0:00:23]} O-O {[%emt 0:00:16]} 8. Bd3 {[%emt 0:00:17]} h6 {[%emt 0:00:38]} 9. Bh4 {[%emt 0:00:39]} Nbd7 {[%emt 0:00:12]} 10. Nge2 {[%emt 0:00:40]} Re8 {[%emt 0:00:16]} 11. f3 {[%emt 0:01:08]} c5 {[%emt 0:01:35]} 12. O-O {[%emt 0:00:48]} b6 {[%emt 0:00:34]} 13. Bf2 {[%emt 0:12:54]} Bb7 {[%emt 0:00:12]} 14. Rad1 {[%emt 0:06:27]} g6 {[%emt 0:03:40]} 15. Nf4 {[%emt 0:08:45]} Bf8 {[%emt 0:11:52]} 16. dxc5 {[%emt 0:07:36]} bxc5 {[%emt 0:03:12]} 17. Bb5 {[%emt 0:01:48]} Re5 {[%emt 0:08:01]} 18. Bxd7 {[%emt 0:14:56]} Qxd7 {[%emt 0:00:35]} 19. Ne4 {[%emt 0:09:22]} Nxe4 {[%emt 0:03:40]} 20. fxe4 {[%emt 0:01:47]} d4 {[%emt 0:14:22]} 21. exd4 {[%emt 0:01:21]} Rxe4 {[%emt 0:02:24]} 22. dxc5 {[%emt 0:05:42]} 1/2-1/2

[Event "Ceske Budejovice Open-A 2019"]
[Site "Ceske Budejovice"]
[Date "2019.07.04"]
[Round "6.19"]
[White "Puncochar, Jiri"]
[Black "Kanka, Matej"]
[Result "1/2-1/2"]
[WhiteElo "2014"]
[BlackElo "1858"]
[Annotator "NA"]
[PlyCount "139"]
[EventDate "2019.07.02"]
[EventCountry "CZE"]
[SourceTitle "playchess.com"]
[Source "ChessBase"]
[SourceQuality "1"]
[TimeControl "5400+30"]

1. e4 c5 2. Nf3 Nc6 3. d4 cxd4 4. Nxd4 Nf6 5. Nc3 g6 6. Nxc6 dxc6 7. Qxd8+ Kxd8 8. Bc4 Bg7 9. f3 e6 10. a4 a5 11. Be3 Nd7 12. O-O-O Kc7 13. Bf4+ e5 14. Be3 f5 15. h4 b6 16. h5 f4 17. Bf2 g5 18. h6 Bf6 19. Rd2 Rd8 20. Rhd1 Rb8 21. Rd6 Be7 22. Re6 Re8 23. g3 Nf8 24. Rxc6+ Kxc6 25. Bb5+ Kb7 26. Bxe8 g4 27. Bh5 Bg5 28. Kb1 gxf3 29. gxf4 exf4 30. Bxf3 Bd7 31. Rd5 Bxh6 32. Rd6 Bg7 33. Rxb6+ Kc8 34. Rxb8+ Kxb8 35. Nd5 Be5 36. Bb6 Ng6 37. Bxa5 Nh4 38. Be2 f3 39. Bf1 Bxa4 40. Be1 Ng2 41. Bf2 Bc6 42. Kc1 h5 43. Kd2 h4 44. Bxg2 fxg2 45. Ke2 h3 46. Kf3 Bb5 47. Bg1 Be2+ 48. Kf2 Bd4+ 49. Ne3 Bg4 50. c3 Bb6 51. Bh2+ Kc8 52. b4 Be6 53. Bf4 Bc4 54. Kg1 Bd3 55. e5 Kd7 56. Kh2 Be4 57. Bg5 Ke6 58. Bf4 Bd8 59. Nd1 Bh4 60. Kg1 Kf5 61. Bh2 Bd8 62. c4 Bd3 63. c5 Bg5 64. Kf2 Bh4+ 65. Kg1 Ke6 66. Ne3 Be4 67. Bf4 Bc6 68. b5 Bxb5 69. Nxg2 hxg2 70. Kxg2 {Kxe5} 1/2-1/2